| Поле | Название | Значение |
| |
Тип записи |
a |
| |
Библиографический уровень |
m |
| 001 |
Контрольный номер |
3e5cbcbf013a4a28a233903fb325a1ec |
| 005 |
Дата корректировки |
20140602122923.2 |
| 010 |
Индекс ISBN |
__ |
| a |
ISBN |
978-5-16-002922-1 |
| 101 |
Язык документа |
0_ |
| a |
Язык текста |
rus |
| 102 |
Страна публикации |
__ |
| a |
Страна публикации |
RU |
| 200 |
Заглавие и сведения об ответственности |
1_ |
| a |
Заглавие |
Международные стандарты учета и финансовой отчетности |
| e |
Сведения, относящиеся к заглавию |
учеб. для вузов |
| f |
Первые сведения об ответственности |
В. Ф. Палий |
| 205 |
Сведения об издании |
__ |
| a |
Основные сведения об издании |
3-е изд., испр. и доп. |
| 210 |
Выходные данные |
1_ |
| c |
Издательство |
ИНФРА-М |
| a |
Место издания |
Москва |
| d |
Дата издания |
2007 |
| 215 |
Физическое описание |
__ |
| a |
Объем |
510, [2] с. |
| 225 |
Серия |
2_ |
| a |
Серия |
Высшее образование |
| 300 |
Общие примечания |
__ |
| a |
Общие примечания |
гриф МО |
| 610 |
Ключевые слова |
0_ |
| a |
Ключевые слова |
учебник |
| 610 |
Ключевые слова |
0_ |
| a |
Ключевые слова |
гриф мо |
| 610 |
Ключевые слова |
0_ |
| a |
Ключевые слова |
международные стандарты |
| 610 |
Ключевые слова |
0_ |
| a |
Ключевые слова |
финансовая отчетность |
| 610 |
Ключевые слова |
0_ |
| a |
Ключевые слова |
бухгалтерский учет |
| 610 |
Ключевые слова |
0_ |
| a |
Ключевые слова |
МСФО |
| 610 |
Ключевые слова |
0_ |
| a |
Ключевые слова |
движение денежных средств |
| 610 |
Ключевые слова |
0_ |
| a |
Ключевые слова |
амортизация |
| 610 |
Ключевые слова |
0_ |
| a |
Ключевые слова |
обесценение активов |
| 610 |
Ключевые слова |
0_ |
| a |
Ключевые слова |
материальные активы |
| 610 |
Ключевые слова |
0_ |
| a |
Ключевые слова |
нематериальные активы |
| 610 |
Ключевые слова |
0_ |
| a |
Ключевые слова |
инвестиции |
| 610 |
Ключевые слова |
0_ |
| a |
Ключевые слова |
финансовые инструменты |
| 610 |
Ключевые слова |
0_ |
| a |
Ключевые слова |
УЧЕТ, УЧЕТ В БЮДЖЕТНЫХ УЧРЕЖДЕНИЯХ, УЧЕТ В ИНВЕСТИЦИОННЫХ ФОНДАХ, УЧЕТ ВАЛЮТНЫХ ОПЕРАЦИЙ, УЧЕТ ВНЕОБОРОТНЫХ АКТИВОВ, УЧЕТ ВНЕШНЕТОРГОВОЙ ДЕЯТЕЛЬН, УЧЕТ ВЫПУСКА И РЕАЛИЗАЦИИ ПР, УЧЕТ ВЫРУЧКИ, УЧЕТ ГОТОВОЙ ПРОДУКЦИИ, УЧЕТ ДЕНЕЖНЫХ СРЕДСТВ, УЧЕТ ДОГОВОРОВ, УЧЕТ ДОЛГОСРОЧНЫХ ИНВЕСТИЦИЙ, УЧЕТ ДОХОДОВ, УЧЕТ ДОХОДОВ И РАСХОДОВ, УЧЕТ ЗАРАБОТНОЙ ПЛАТЫ, УЧЕТ ЗА РУБЕЖОМ, УЧЕТ ЗАТРАТ, УЧЕТ ИЗДЕРЖЕК ОБРАЩЕНИЯ, УЧЕТ ИНВЕСТИЦИЙ, УЧЕТ КАПИТАЛА, УЧЕТ КАПИТАЛЬНЫХ ВЛОЖЕНИЙ, УЧЕТ КРЕДИТОВ И ЗАЕМНЫХ СРЕД, УЧЕТ МАТЕРИАЛЬНО-ПРОИЗВОДСТВ, УЧЕТ НЕМАТЕРИАЛЬНЫХ АКТИВОВ, УЧЕТ ОПЕРАЦИЙ С ЗЕМЕЛЬНЫМИ У, УЧЕТ ОСНОВНЫХ СРЕДСТВ, УЧЕТ РАСЧЕТОВ ПО ОПЛАТЕ ТРУД |
| 610 |
Ключевые слова |
0_ |
| a |
Ключевые слова |
бухгалтерский баланс банка |
| 610 |
Ключевые слова |
0_ |
| a |
Ключевые слова |
учет сельскохозяйственной деятельности |
| 610 |
Ключевые слова |
0_ |
| a |
Ключевые слова |
учет страховой деятельности |
| 686 |
Индексы других классификаций |
__ |
| a |
Классификационный индекс |
65.052.8я73 |
| 2 |
Код системы |
rubbk |
| 686 |
Индексы других классификаций |
__ |
| a |
Классификационный индекс |
65.052.9(2)2я73 |
| 2 |
Код системы |
rubbk |
| 686 |
Индексы других классификаций |
__ |
| a |
Классификационный индекс |
65.052.9(2)206я73 |
| 2 |
Код системы |
rubbk |
| 700 |
Автор |
_1 |
| a |
Фамилия |
Палий |
| b |
Имя |
В. Ф. |
| g |
Полное личное имя |
Виталий Федорович |
| 801 |
Источник записи |
_0 |
| a |
Страна |
RU |
| b |
Организация |
РУК |
| c |
Дата составления |
20070412 |
| g |
Правила каталогизации |
PSBO |
| 801 |
Источник записи |
_1 |
| a |
Страна |
RU |
| b |
Организация |
РУК |
| c |
Дата составления |
20070412 |
| g |
Правила каталогизации |
PSBO |
| 852 |
Данные о местонахождении |
__ |
| j |
Шифр хранения |
ББК 65.052 |
| i |
Авторский знак |
П 14 |
| 901 |
Тип документа |
__ |
| t |
Тип документа |
m |
| 938 |
Служебная информация |
__ |
| a |
Название организации |
Головной вуз |
| b |
Имя БД |
BOOK |
| c |
Название АИБС |
АИБС ИРБИС |
| 952 |
Тип литературы |
__ |
| b |
Гриф литературы для ВШ |
гриф МО |